Liverpool most expensive signings - Statistics

General Stats
  • This quiz has been taken 262 times
    85 since last reset
  • The average score is 9 of 10
Answer Stats
Signed from Season Fee (€) Player % Correct
Bayer Leverkusen 25/26 125 million Florian Wirtz
100%
Newcastle United 25/26 145 million Alexander Isak
99%
Southampton 17/18 84.65 million Virgil van Dijk
99%
Roma 18/19 62.5 million Alisson
95%
Benfica 22/23 85 million Darwin Núñez
94%
Eintracht Frankfurt 25/26 95 million Hugo Ekitike
92%
Porto 21/22 49 million Luis Díaz
88%
Bournemouth 25/26 46.9 million Milos Kerkez
87%
RB Leipzig 23/24 70 million Dominik Szoboszlai
78%
RB Leipzig 18/19 60 million Naby Keïta
78%
No matching quizzes found
Score Distribution
Percent of People with Each Score
Percentile by Number Answered
Your Score History
You have not taken this quiz since the last reset